000 00591nam a2200181 i 4500
001 83981
003 ES-MaACL
005 20231227200020.0
007 t|
008 041119s1942 sp ||||1| spa d
100 1 _aJaso, Enrique.
_966152
245 1 4 _aLas vitaminas en la alimentación del lactante /
_cpor Enrique Jaso ; prólogo de C. Jiménez Díaz.
260 _aBarcelona :
_bCientífico Médica,
_c1942 (
_fCaseigom)
300 _a224 p. :
_bil. ;
_c24 cm.
700 1 _aJiménez Díaz, Carlos,
_d1898-1967
_966515
852 _aES-MaACL
_jE-1385
_bR.19483
999 _c83981
_d83981